| 000 | 00802nam a22002417a 4500 | ||
|---|---|---|---|
| 003 | DO-SdBNP | ||
| 005 | 20211213084129.0 | ||
| 007 | ta | ||
| 008 | 211102b2019 dr ||||| |||| 00| 0 eng d | ||
| 040 |
_aDO-SdBNP _bspa _cBNPHU |
||
| 082 | 4 |
_222 _a922.4 _bJ83s |
|
| 100 | 1 |
_aJoseph, Rony E. _980463 |
|
| 245 | 1 | 0 |
_aSanidad interior : _bsu plan, mi vida / _cRony E. Joseph ; prólogo Juan Núñez. |
| 260 |
_aSanto Domingo : _bPublicaciones Libertad, _c2019. |
||
| 300 |
_a103 p. ; _c20 cm. |
||
| 500 | _aIncluye datos biográficos del autor en la contracubierta. | ||
| 590 | _aInventariado, 2021/BT | ||
| 600 | 4 |
_aJoseph, Rony E. _980463 |
|
| 651 | 4 |
_aEcuador _vBiografías _980515 |
|
| 700 | 1 |
_aNúñez, Juan, _epról. _980464 |
|
| 910 | _aBtavárez.Validado. Control de calidad MFF | ||
| 942 |
_2ddc _cLBS1 |
||
| 999 |
_c50855 _d50855 |
||